[Event "Chess24 Banter Blitz Cup"]
[Site "chess24.com INT"]
[Date "2019.11.08"]
[Round "1.4"]
[White "Oparin, Grigoriy"]
[Black "Livaic, Leon"]
[Result "1-0"]
[WhiteTitle "GM"]
[BlackTitle "IM"]
[WhiteElo "2654"]
[BlackElo "2495"]
[WhiteFideId "24125890"]
[BlackFideId "14531534"]
[EventDate "2019.09.25"]
[EventType "blitz"]

1. g3 e5 2. Bg2 Nc6 3. c4 g6 4. Nc3 Bg7 5. e3 d6 6. Nge2 Nge7 7. O-O O-O 8. d3
Be6 9. Nd5 Qd7 10. Nxe7+ Qxe7 11. Rb1 a5 12. b3 Qd7 13. Re1 Bh3 14. Bh1 h5 15.
Bb2 h4 16. d4 hxg3 17. hxg3 Bg4 18. f3 Bh3 19. dxe5 Nxe5 20. Nf4 Be6 21. a4 Qe7
22. Qd2 Qg5 23. Qf2 Rae8 24. Bg2 Bd7 25. Rbd1 Bc6 26. Nd5 Bxd5 27. Rxd5 Qd8 28.
Red1 b6 29. g4 Nd7 30. Ba3 Bh6 31. f4 Bg7 32. g5 Qe7 33. R5d3 Nc5 34. Bxc5 bxc5
35. Bd5 Rb8 36. Kg2 Rb6 37. Rh1 Rfb8 38. Qc2 Kf8 39. Bf3 Re8 40. Rhd1 Qe6 41.
Rh1 Qf5 42. Bd1 Qe4+ 43. Bf3 Qf5 44. Kf2 Qe6 45. Bd5 Qg4 46. Bg2 Qe6 47. Bh3 Qe4
48. Bg2 Qe6 49. Rdd1 Rb4 50. Rd3 Reb8 51. Bd5 Qe7 52. Rhd1 Re8 53. e4 Qd7 54.
Kf3 Qh3+ 55. Ke2 Qg2+ 56. Ke1 Bd4 57. Rxd4 Qxc2 58. R1d2 Qc3 59. Rd3 Qa1+ 60.
Ke2 Qa3 61. Rd1 Rxb3 62. R1d2 Rb2 63. Rxa3 Rxd2+ 64. Kxd2 Re7 65. Kd3 Re6 66.
Rb3 f6 67. Rb8+ Kg7 68. Rg8+ 1-0

[Event "Chess24 Banter Blitz Cup"]
[Site "chess24.com INT"]
[Date "2019.11.08"]
[Round "1.5"]
[White "Livaic, Leon"]
[Black "Oparin, Grigoriy"]
[Result "1-0"]
[WhiteTitle "IM"]
[BlackTitle "GM"]
[WhiteElo "2495"]
[BlackElo "2654"]
[WhiteFideId "14531534"]
[BlackFideId "24125890"]
[EventDate "2019.09.25"]
[EventType "blitz"]

1. d4 Nf6 2. c4 e6 3. Nf3 d5 4. Nc3 Be7 5. Bf4 O-O 6. e3 Nbd7 7. cxd5 Nxd5 8.
Nxd5 exd5 9. Bd3 c5 10. dxc5 Nxc5 11. O-O Bg4 12. Be2 Bf6 13. Rc1 Ne6 14. Bg3
Qa5 15. Qb3 d4 16. exd4 Bxf3 17. Bxf3 Nxd4 18. Qxb7 Nxf3+ 19. Qxf3 Qxa2 20. b4
Rfe8 21. Rc7 h6 22. b5 Rad8 23. h3 Qa5 24. Rb7 Re6 25. Bc7 Qd2 26. Bxd8 Bxd8 27.
Qxf7+ 1-0

[Event "Chess24 Banter Blitz Cup"]
[Site "chess24.com INT"]
[Date "2019.11.08"]
[Round "1.6"]
[White "Oparin, Grigoriy"]
[Black "Livaic, Leon"]
[Result "0-1"]
[WhiteTitle "GM"]
[BlackTitle "IM"]
[WhiteElo "2654"]
[BlackElo "2495"]
[WhiteFideId "24125890"]
[BlackFideId "14531534"]
[EventDate "2019.09.25"]
[EventType "blitz"]

1. Nf3 Nf6 2. g3 b6 3. Bg2 Bb7 4. d4 g6 5. c4 Bg7 6. Nc3 Ne4 7. O-O Nxc3 8. bxc3
O-O 9. Re1 Be4 10. Bh3 e6 11. a4 a5 12. Nd2 Bb7 13. e4 d6 14. Bg2 e5 15. Nf1 Nc6
16. Bb2 Ba6 17. Ne3 h5 18. Bf1 Re8 19. Nd5 Ne7 20. Qd2 c6 21. Ne3 c5 22. Nd5
exd4 23. cxd4 Nc6 24. dxc5 bxc5 25. Bxg7 Kxg7 26. Qc3+ Nd4 27. Rad1 Bb7 28. Rxd4
cxd4 29. Qxd4+ f6 30. Nf4 Re5 31. Nd3 Re7 32. Bh3 Qe8 33. Nf4 Rxe4 34. Rxe4 Qxe4
35. Qxe4 Bxe4 0-1

[Event "Chess24 Banter Blitz Cup"]
[Site "chess24.com INT"]
[Date "2019.11.08"]
[Round "1.7"]
[White "Livaic, Leon"]
[Black "Oparin, Grigoriy"]
[Result "0-1"]
[WhiteTitle "IM"]
[BlackTitle "GM"]
[WhiteElo "2495"]
[BlackElo "2654"]
[WhiteFideId "14531534"]
[BlackFideId "24125890"]
[EventDate "2019.09.25"]
[EventType "blitz"]

1. d4 f5 2. c4 Nf6 3. g3 g6 4. Bg2 Bg7 5. Nf3 O-O 6. O-O d6 7. Nc3 c6 8. Re1 Na6
9. e4 fxe4 10. Nxe4 Nxe4 11. Rxe4 Bf5 12. Re1 e5 13. Bg5 Qc7 14. c5 e4 15. cxd6
Qxd6 16. Ne5 h6 17. Bf4 g5 18. Be3 Qd5 19. Bf1 Kh7 20. Bc4 Qd6 21. Qb3 b5 22.
Be2 Nb4 23. Rac1 Rac8 24. Qa3 a5 25. Qxa5 Nd3 26. Nxd3 exd3 27. Bf3 Rf6 28. Qc3
Re6 29. Bg2 Qd7 30. a3 c5 31. Qd2 cxd4 32. Rxc8 Qxc8 33. Bxg5 Rxe1+ 34. Qxe1
hxg5 0-1

[Event "Chess24 Banter Blitz Cup"]
[Site "chess24.com INT"]
[Date "2019.11.08"]
[Round "1.8"]
[White "Oparin, Grigoriy"]
[Black "Livaic, Leon"]
[Result "1/2-1/2"]
[WhiteTitle "GM"]
[BlackTitle "IM"]
[WhiteElo "2654"]
[BlackElo "2495"]
[WhiteFideId "24125890"]
[BlackFideId "14531534"]
[EventDate "2019.09.25"]
[EventType "blitz"]

1. Nf3 Nf6 2. d4 b6 3. c4 e6 4. g3 Ba6 5. b3 Bb4+ 6. Bd2 Be7 7. Bg2 c6 8. Bc3 d5
9. Nbd2 Nbd7 10. O-O O-O 11. Qc2 c5 12. dxc5 Nxc5 13. Rfd1 Rc8 14. Rac1 Qe8 15.
Ne5 Ncd7 16. Qb2 Nxe5 17. Bxe5 Bb7 18. cxd5 Bxd5 19. Bxd5 exd5 20. Nf3 Qd7 21.
Rxc8 Rxc8 22. Qd2 Rc5 23. Bxf6 Bxf6 24. e4 Qg4 25. b4 Rc8 26. e5 Qxf3 27. exf6
Qxf6 28. Qxd5 g6 29. Kg2 Kg7 30. Rd3 Rc2 31. Rf3 Qe6 32. Qxe6 fxe6 33. Ra3 Kf6
34. Rxa7 h5 35. h4 Rb2 36. a3 Rb3 37. Kg1 e5 38. Kg2 e4 39. Ra6 Kf5 40. Rxb6
Rxa3 41. Rb5+ Kf6 42. Rb6+ Kf5 43. Rb8 Ra2 44. Rf8+ Ke5 45. Re8+ Kf5 46. b5 Rb2
47. Rb8 Kf6 48. b6 e3 49. b7 Kg7 50. Kg1 e2 51. Re8 Rxb7 52. Rxe2 Rf7 53. Re3
Kh6 1/2-1/2

[Event "Chess24 Banter Blitz Cup"]
[Site "chess24.com INT"]
[Date "2019.11.08"]
[Round "1.9"]
[White "Livaic, Leon"]
[Black "Oparin, Grigoriy"]
[Result "0-1"]
[WhiteTitle "IM"]
[BlackTitle "GM"]
[WhiteElo "2495"]
[BlackElo "2654"]
[WhiteFideId "14531534"]
[BlackFideId "24125890"]
[EventDate "2019.09.25"]
[EventType "blitz"]

1. d4 Nf6 2. c4 e6 3. Nf3 d5 4. Nc3 Be7 5. Bf4 O-O 6. e3 Nbd7 7. cxd5 Nxd5 8.
Nxd5 exd5 9. Be2 c6 10. O-O a5 11. Bd3 Re8 12. h3 Nf6 13. Ne5 Ne4 14. Qh5 g6 15.
Qe2 f6 16. Nf3 Bf8 17. Bh2 Bf5 18. Nd2 Qd7 19. Rae1 Nxd2 20. Qxd2 Bb4 21. Qd1
Bxe1 22. Rxe1 Bxd3 23. Qxd3 Re6 24. Qc3 Qd8 25. Rc1 Qb6 26. Bg3 Rae8 27. b3 h5
28. Qd2 Kg7 29. Rc5 Qb4 30. Qc1 g5 31. h4 gxh4 32. Bxh4 Re4 33. Bg3 h4 34. Bd6
Qb6 35. Qd1 Qd8 36. Bh2 Rh8 37. Qf3 h3 38. gxh3 Qd7 39. Kg2 Reh4 40. Rc1 Rxh3
41. Bg3 R3h5 42. Bf4 Kf7 43. Rg1 Qf5 44. Kf1 Qd3+ 45. Kg2 Qg6+ 46. Kf1 Qb1+ 47.
Kg2 Qe4 48. Qxe4 dxe4 49. Rc1 Ke6 50. Bg3 Ra8 51. Rc4 Kd7 52. a4 Rd5 53. Kf1 b5
54. Rc1 Ra7 55. Ke2 Rb7 56. Ra1 bxa4 57. bxa4 Rb2+ 58. Kf1 c5 59. dxc5 Rxc5 60.
Kg2 Rc4 61. Kh3 Rbb4 62. Kg4 Rxa4 63. Rd1+ Ke7 64. Kf4 Rc6 65. Kf5 Rac4 66. Rd5
R4c5 67. Bd6+ Rxd6 68. Rxc5 Ra6 69. Rc7+ Kd6 70. Rc3 a4 71. Ra3 Kc5 72. Kxe4 Kb4
73. Ra1 a3 74. Kf5 Kb3 75. e4 Kb2 76. Rxa3 Kxa3 77. f4 Kb4 78. e5 fxe5 79. fxe5
Kc5 80. e6 Kd6 81. Kf6 Ra8 82. e7 Re8 83. Kf7 Kd7 84. Kf6 Rxe7 85. Kg6 Re6+ 86.
Kf7 Re5 87. Kg7 Kd6 88. Kf8 Rd5 89. Kg8 Rd4 90. Kh8 Re4 91. Kg8 Ke6 92. Kh7 Rf4
93. Kh8 Rf6 0-1

[Event "Chess24 Banter Blitz Cup"]
[Site "chess24.com INT"]
[Date "2019.11.08"]
[Round "1.10"]
[White "Oparin, Grigoriy"]
[Black "Livaic, Leon"]
[Result "1-0"]
[WhiteTitle "GM"]
[BlackTitle "IM"]
[WhiteElo "2654"]
[BlackElo "2495"]
[WhiteFideId "24125890"]
[BlackFideId "14531534"]
[EventDate "2019.09.25"]
[EventType "blitz"]

1. Nf3 Nf6 2. c4 b6 3. d4 Bb7 4. g3 g6 5. Bg2 Bg7 6. O-O O-O 7. Re1 d6 8. Qc2
Be4 9. Qb3 e6 10. Nc3 Bb7 11. e4 Nfd7 12. Be3 Nc6 13. Rad1 e5 14. d5 Na5 15. Qa4
Nc5 16. Qc2 Nxc4 17. Bg5 f6 18. Bc1 Na6 19. a3 Bc8 20. Bf1 Na5 21. b4 Nxb4 22.
axb4 Nb7 23. Bd2 a5 24. Nb5 Rf7 25. Rc1 Bg4 26. Bg2 axb4 27. Bxb4 Bh6 28. Ra1
Nc5 29. Bxc5 bxc5 30. Rxa8 Qxa8 31. Qc3 Qa4 32. Bf1 f5 33. h3 fxe4 34. hxg4 Rxf3
35. Qa1 Qxa1 36. Rxa1 e3 37. Nxc7 Rxf2 38. Ra8+ Kf7 39. Nb5 Bf8 40. Ra3 Rf3 41.
Kg2 Rf2+ 42. Kg1 Rf3 43. Be2 Rxg3+ 44. Kh2 Rxg4 45. Bxg4 h5 46. Be2 Kf6 47. Ra6
Bh6 48. Nxd6 Bg5 49. Kg2 Bf4 50. Ne4+ Kf5 51. Nxc5 e4 52. Nd3 exd3 53. Bxd3+ Ke5
54. d6 e2 55. Bxe2 Ke6 56. Ra5 Kd7 57. Ra4 Bxd6 58. Rd4 Ke6 59. Rd3 Be5 60. Rb3
Kf5 61. Rb6 Bf4 62. Rb5+ Kf6 63. Bd3 Bg5 64. Rb6+ 1-0

[Event "Chess24 Banter Blitz Cup"]
[Site "chess24.com INT"]
[Date "2019.11.08"]
[Round "1.11"]
[White "Livaic, Leon"]
[Black "Oparin, Grigoriy"]
[Result "1/2-1/2"]
[WhiteTitle "IM"]
[BlackTitle "GM"]
[WhiteElo "2495"]
[BlackElo "2654"]
[WhiteFideId "14531534"]
[BlackFideId "24125890"]
[EventDate "2019.09.25"]
[EventType "blitz"]

1. d4 Nf6 2. c4 e6 3. Nf3 d5 4. Nc3 Be7 5. Bg5 h6 6. Bh4 O-O 7. e3 b6 8. Be2 Bb7
9. Bxf6 Bxf6 10. cxd5 exd5 11. b4 c6 12. O-O Na6 13. Qb3 Nc7 14. Rfd1 Re8 15. a4
Qd6 16. a5 b5 17. Ne1 Bc8 18. Nd3 Bf5 19. Nc5 Ne6 20. a6 Nxc5 21. bxc5 Qc7 22.
Na2 Rad8 23. Nb4 Re7 24. Qa2 g6 25. Qa5 Qxa5 26. Rxa5 Rc7 27. Bd3 Bc8 28. h3 h5
29. Rb1 Kg7 30. Kh2 Bd7 31. g3 Rcc8 32. Kg2 Re8 33. h4 Bd8 34. Ra2 Bc7 35. Kh2
f5 36. Kg2 Re6 37. Be2 Rce8 38. Nd3 R8e7 39. Bf3 Re8 40. Nf4 Bxf4 41. gxf4 Kf6
42. Kf1 Bc8 43. Ke2 Rg8 44. Kd2 Re7 45. Kc3 Rd8 46. Rg1 Rg8 47. Kb4 Rd8 48. Rg5
Rg7 49. Ra1 Be6 50. Rag1 Rdg8 51. Ka5 Bc8 52. Be2 Bd7 53. Bd3 Be6 54. Kb4 Bd7
55. Re1 Re8 56. Be2 Bc8 57. Reg1 Reg8 58. Bd1 Bd7 59. Ka5 Bc8 60. Bc2 Bd7 61. f3
Re8 62. e4 dxe4 63. fxe4 fxe4 64. Re5 e3 65. Re1 Rxe5 66. fxe5+ Ke7 67. Rxe3 g5
68. hxg5 Rxg5 69. Be4 h4 70. e6 Be8 71. d5 cxd5 72. Bd3 d4 73. Rh3 Rxc5 74. Rxh4
Rc3 75. Bf5 Rc5 76. Rh7+ Kd6 77. Bd3 Rc3 78. Be4 Ke5 79. Bb7 Ra3+ 80. Kb4 Ra4+
81. Kb3 Rc4 82. Rh8 Rc3+ 83. Kb4 Bg6 84. Rh6 Rc4+ 85. Kxb5 Bd3 86. Rh5+ Kxe6 87.
Bc8+ Ke7 88. Ka5 Kd8 89. Rh6 Rxc8 90. Rh8+ Kc7 91. Rh7+ Kb8 92. Rh8 Ka8 93. Kb4
Rxh8 94. Kc5 Rb8 95. Kd6 Rb6+ 96. Kc7 Rxa6 97. Kd7 Rb6 98. Kc8 Rb5 99. Kd8 a5
100. Kc8 a4 101. Kd8 Rb4 102. Kc8 1/2-1/2

[Event "Chess24 Banter Blitz Cup"]
[Site "chess24.com INT"]
[Date "2019.11.08"]
[Round "1.12"]
[White "Oparin, Grigoriy"]
[Black "Livaic, Leon"]
[Result "0-1"]
[WhiteTitle "GM"]
[BlackTitle "IM"]
[WhiteElo "2654"]
[BlackElo "2495"]
[WhiteFideId "24125890"]
[BlackFideId "14531534"]
[EventDate "2019.09.25"]
[EventType "blitz"]

1. Nf3 Nf6 2. g3 b6 3. c4 Bb7 4. d4 e6 5. Bg2 Bb4+ 6. Nbd2 O-O 7. O-O Bxd2 8.
Qxd2 d6 9. b3 Nbd7 10. Bb2 Qe7 11. Rfe1 a5 12. Rad1 h6 13. Qc2 Be4 14. Qc3 a4
15. b4 c6 16. a3 d5 17. Bf1 dxc4 18. Ne5 b5 19. f3 Nxe5 20. dxe5 Nd5 21. Qc1 Bh7
22. Bd4 Rfd8 23. Bc5 Qg5 24. e4 Qxc1 25. Rxc1 Nc7 26. Red1 Ne8 27. Kf2 f6 28.
exf6 Nxf6 29. Ke3 Kf7 30. h4 g5 31. hxg5 hxg5 32. Be2 g4 33. Rh1 Bg6 34. fxg4
Nxe4 35. Rcf1+ Kg7 36. Bd4+ Rxd4 37. Kxd4 Nxg3 38. Bf3 Nxf1 39. Rxf1 Rf8 40. Bg2
Rxf1 41. Bxf1 Kf6 42. Bg2 e5+ 43. Ke3 e4 44. Kf4 c3 45. g5+ Ke6 46. Ke3 Ke5 47.
Bh3 c2 48. Kd2 e3+ 0-1

[Event "Chess24 Banter Blitz Cup"]
[Site "chess24.com INT"]
[Date "2019.11.08"]
[Round "1.13"]
[White "Livaic, Leon"]
[Black "Oparin, Grigoriy"]
[Result "0-1"]
[WhiteTitle "IM"]
[BlackTitle "GM"]
[WhiteElo "2495"]
[BlackElo "2654"]
[WhiteFideId "14531534"]
[BlackFideId "24125890"]
[EventDate "2019.09.25"]
[EventType "blitz"]

1. d4 Nf6 2. c4 e6 3. Nf3 d5 4. Nc3 Be7 5. Bf4 O-O 6. e3 Nbd7 7. Be2 dxc4 8.
Bxc4 a6 9. e4 b5 10. Bd3 b4 11. Ne2 Bb7 12. Ng3 Re8 13. O-O c5 14. Bg5 h6 15.
Bxf6 Nxf6 16. e5 Nd5 17. Rc1 Nf4 18. Be4 Bxe4 19. Nxe4 cxd4 20. g3 Qd5 21. Re1
Ng6 22. Qxd4 Qxd4 23. Nxd4 Nxe5 24. Red1 Red8 25. Kg2 Rac8 26. Rxc8 Rxc8 27. f4
Nc4 28. Kf3 Nxb2 29. Rb1 Nd3 30. f5 exf5 31. Nxf5 Bf8 32. Rd1 Ne5+ 33. Kf4 Ng6+
34. Kf3 a5 35. Rd7 a4 36. Rb7 Ra8 0-1

[Event "Chess24 Banter Blitz Cup"]
[Site "chess24.com INT"]
[Date "2019.11.08"]
[Round "1.14"]
[White "Oparin, Grigoriy"]
[Black "Livaic, Leon"]
[Result "1/2-1/2"]
[WhiteTitle "GM"]
[BlackTitle "IM"]
[WhiteElo "2654"]
[BlackElo "2495"]
[WhiteFideId "24125890"]
[BlackFideId "14531534"]
[EventDate "2019.09.25"]
[EventType "blitz"]

1. d4 Nf6 2. Nf3 e6 3. c4 d5 4. g3 dxc4 5. Bg2 a6 6. O-O Nc6 7. Qc2 Nxd4 8. Nxd4
Qxd4 9. Nd2 c3 10. bxc3 Qd8 11. Rd1 c6 12. Nc4 Nd7 13. Bf4 Be7 14. Nd6+ Kf8 15.
Rab1 e5 16. Nxb7 Qc7 17. Na5 Qxa5 18. Bxc6 Ra7 19. Be3 Rc7 20. Bxd7 Rxd7 21.
Rxd7 Bxd7 22. Rb8+ Be8 23. Qe4 f6 24. Qc6 Kf7 25. Qc4+ Kf8 26. Qc6 Kf7 27. Qc4+
Kf8 28. Qc6 1/2-1/2

[Event "Chess24 Banter Blitz Cup"]
[Site "chess24.com INT"]
[Date "2019.11.08"]
[Round "1.15"]
[White "Livaic, Leon"]
[Black "Oparin, Grigoriy"]
[Result "1-0"]
[WhiteTitle "IM"]
[BlackTitle "GM"]
[WhiteElo "2495"]
[BlackElo "2654"]
[WhiteFideId "14531534"]
[BlackFideId "24125890"]
[EventDate "2019.09.25"]
[EventType "blitz"]

1. d4 Nf6 2. c4 e6 3. Nf3 d5 4. Nc3 Be7 5. Bf4 O-O 6. e3 Nbd7 7. cxd5 Nxd5 8.
Nxd5 exd5 9. Be2 c6 10. O-O Re8 11. h3 a5 12. a3 Nf6 13. Ne5 Ne4 14. Bd3 f6 15.
Nf3 Bd6 16. Bxd6 Qxd6 17. Nd2 Nxd2 18. Qxd2 a4 19. Rac1 Bd7 20. Rc5 g6 21. Rfc1
Kg7 22. Qb4 Ra7 23. Qc3 Re7 24. Ra5 Rxa5 25. Qxa5 b5 26. Qb6 Qe6 27. Qd8 Re8 28.
Qc7 Re7 29. Qg3 Be8 30. Rc5 Rd7 31. Qf4 Qd6 32. Qf3 Re7 33. h4 h5 34. g3 Bd7 35.
Kh2 Re8 36. Qf4 Qxf4 37. gxf4 f5 38. Kg1 Kf6 39. Kf1 Ke7 40. Ke2 Kd6 41. Kd2 Rb8
42. Kc3 Be8 43. Kb4 Rb7 44. Rc1 Re7 45. Rg1 Re6 46. Rg5 Rf6 47. b3 axb3 48. Kxb3
Re6 49. Kb4 Rf6 50. a4 bxa4 51. Kxa4 c5+ 52. Ka3 c4 53. Bc2 Ke7 54. Kb4 Rb6+ 55.
Kc3 Kd6 56. Rg1 Ra6 57. Rb1 Kc7 58. Rb4 Ra3+ 59. Kb2 Ra6 60. Kc3 Ra3+ 61. Kd2
Ra2 62. Kc1 Ra1+ 63. Bb1 Ra7 64. Rb2 Bc6 65. Bc2 Ra1+ 66. Bb1 Ra3 67. Kc2 Ra5
68. Ra2 Rxa2+ 69. Bxa2 Kb6 70. Kc3 Kb5 71. f3 Bb7 72. Bb1 Bc6 73. Bc2 Bb7 74.
Bd1 Bc6 75. Bc2 Ka5 76. Bd1 Ba4 77. Bxa4 Kxa4 78. e4 fxe4 79. fxe4 dxe4 80. Kxc4
Ka5 81. d5 Kb6 82. Kd4 e3 83. Kxe3 Kc5 84. Ke4 Kd6 85. Kd4 Kd7 86. Ke5 Ke7 87.
d6+ Kd7 88. Kd5 Kd8 89. Ke6 Ke8 90. Kf6 Kd7 91. Kxg6 Kxd6 92. Kxh5 Ke7 93. Kg5
Kf7 94. f5 Kg7 95. f6+ Kg8 96. Kg6 Kf8 97. f7 Ke7 98. Kg7 Ke6 99. f8=Q Ke5 100.
Qe7+ Kd4 101. Kf6 Kd5 102. Qe5+ Kc4 103. Qd6 Kc3 104. Ke5 Kb2 105. Qc5 Kb3 106.
Kd5 Ka2 107. Qb4 Ka1 108. Kc4 Ka2 109. Kc3 Ka1 110. Qb2# 1-0

[Event "Chess24 Banter Blitz Cup"]
[Site "chess24.com INT"]
[Date "2019.11.08"]
[Round "1.16"]
[White "Oparin, Grigoriy"]
[Black "Livaic, Leon"]
[Result "1/2-1/2"]
[WhiteTitle "GM"]
[BlackTitle "IM"]
[WhiteElo "2654"]
[BlackElo "2495"]
[WhiteFideId "24125890"]
[BlackFideId "14531534"]
[EventDate "2019.09.25"]
[EventType "blitz"]

1. Nf3 Nf6 2. c4 b6 3. d4 e6 4. g3 c6 5. Bg2 d5 6. O-O Be7 7. b3 Ne4 8. Bb2 O-O
9. Nbd2 f5 10. Ne5 Bb7 11. Rc1 Nd7 12. Nd3 Rc8 13. Nf4 Rf6 14. f3 Nxd2 15. Qxd2
Bd6 16. Nd3 Rf8 17. e4 dxc4 18. bxc4 fxe4 19. fxe4 e5 20. d5 Qe7 21. Bh3 Rcd8
22. Bxd7 Rxd7 23. Rxf8+ Kxf8 24. Qc3 cxd5 25. cxd5 Rc7 26. Qd2 Rxc1+ 27. Qxc1
Ba6 28. Qc3 Qf6 29. Kg2 Bc5 30. Bc1 Bxd3 31. Qxd3 Qf2+ 32. Kh3 Qxa2 33. Qf3+ Ke8
34. Qf5 Qe2 35. Qc8+ Kf7 36. Qe6+ Kf8 37. Qc8+ Kf7 38. Qe6+ Kf8 39. Qc8+ Ke7 40.
Bg5+ Kf7 41. Qe6+ Kf8 42. Qc8+ Kf7 43. Qe6+ Kf8 44. Qc8+ Kf7 1/2-1/2

[Event "Chess24 Banter Blitz Cup"]
[Site "chess24.com INT"]
[Date "2019.11.09"]
[Round "1.1"]
[White "Christiansen, Johan-Sebastian"]
[Black "Bachmann, Axel"]
[Result "1-0"]
[WhiteTitle "GM"]
[BlackTitle "GM"]
[WhiteElo "2558"]
[BlackElo "2629"]
[WhiteFideId "1512668"]
[BlackFideId "3700488"]
[EventDate "2019.09.25"]
[EventType "blitz"]

1. e4 d6 2. d4 g6 3. Nc3 Bg7 4. Be3 a6 5. Nf3 b5 6. a3 Bb7 7. Qd2 Nd7 8. h4 Ngf6
9. e5 dxe5 10. dxe5 Ng4 11. e6 fxe6 12. Ng5 Nf8 13. Qe2 Nxe3 14. Qxe3 Qd4 15.
Qe2 Qe5 16. O-O-O Qxe2 17. Bxe2 Bxc3 18. bxc3 h6 19. Nf3 Nd7 20. Bd3 Rg8 21.
Rhe1 Bxf3 22. gxf3 Nc5 23. Re5 Nxd3+ 24. Rxd3 Kf7 25. Rd4 Kf6 26. Rc5 e5 27. Re4
Rad8 28. Rcxe5 Rd7 29. Re6+ Kf7 30. Rxa6 g5 31. Rxh6 gxh4 32. Rhxh4 Rg6 33.
Ref4+ Rf6 34. Rxf6+ Kxf6 35. Rh5 c6 36. Kb2 e6 37. Rh6+ Ke5 38. Rh4 Rf7 39. Re4+
Kd5 40. Re3 e5 41. Kb3 Rf4 42. Rd3+ Ke6 43. Re3 c5 44. Kb2 Kf5 45. Rd3 c4 46.
Rd8 Rxf3 47. Rb8 Ke4 48. Rxb5 Rxf2 49. Rc5 Kf4 50. Rxc4+ e4 51. Rc8 Kf3 52. Re8
Ke2 53. Rxe4+ 1-0

[Event "Chess24 Banter Blitz Cup"]
[Site "chess24.com INT"]
[Date "2019.11.09"]
[Round "1.2"]
[White "Bachmann, Axel"]
[Black "Christiansen, Johan-Sebastian"]
[Result "1-0"]
[WhiteTitle "GM"]
[BlackTitle "GM"]
[WhiteElo "2629"]
[BlackElo "2558"]
[WhiteFideId "3700488"]
[BlackFideId "1512668"]
[EventDate "2019.09.25"]
[EventType "blitz"]

1. Nf3 e6 2. c4 d5 3. e3 Ne7 4. b3 a5 5. Nc3 g6 6. Bb2 Bg7 7. Qc2 O-O 8. h4 h6
9. Rc1 Na6 10. a3 c6 11. d4 Nf5 12. Bd3 Re8 13. h5 g5 14. cxd5 cxd5 15. O-O g4
16. Ne5 Qg5 17. Bxf5 exf5 18. Nxd5 Qxh5 19. Nf4 Qg5 20. Qe2 Be6 21. Qb5 Rab8 22.
d5 Bxe5 23. Bxe5 Bd7 24. Qxd7 Rxe5 25. Rc8+ Rxc8 26. Qxc8+ Kg7 27. d6 g3 28. d7
gxf2+ 29. Rxf2 Rxe3 30. d8=Q Re1+ 31. Kh2 Qh4+ 32. Qxh4 1-0

[Event "Chess24 Banter Blitz Cup"]
[Site "chess24.com INT"]
[Date "2019.11.09"]
[Round "1.3"]
[White "Christiansen, Johan-Sebastian"]
[Black "Bachmann, Axel"]
[Result "1-0"]
[WhiteTitle "GM"]
[BlackTitle "GM"]
[WhiteElo "2558"]
[BlackElo "2629"]
[WhiteFideId "1512668"]
[BlackFideId "3700488"]
[EventDate "2019.09.25"]
[EventType "blitz"]

1. e4 e5 2. Nf3 Nc6 3. Bc4 Bc5 4. O-O Nf6 5. d4 Bxd4 6. Nxd4 Nxd4 7. Bg5 h6 8.
Bh4 g5 9. f4 d5 10. exd5 gxh4 11. fxe5 Ng4 12. Qxd4 Qg5 13. e6 f6 14. Nc3 c6 15.
Ne4 Qe3+ 16. Qxe3 Nxe3 17. d6 Nxc4 18. Nxf6+ Kf8 19. e7+ Kf7 20. Rae1 Nxd6 21.
e8=Q+ Nxe8 22. Nxe8+ Kg6 23. Rf6+ 1-0

[Event "Chess24 Banter Blitz Cup"]
[Site "chess24.com INT"]
[Date "2019.11.09"]
[Round "1.4"]
[White "Bachmann, Axel"]
[Black "Christiansen, Johan-Sebastian"]
[Result "1-0"]
[WhiteTitle "GM"]
[BlackTitle "GM"]
[WhiteElo "2629"]
[BlackElo "2558"]
[WhiteFideId "3700488"]
[BlackFideId "1512668"]
[EventDate "2019.09.25"]
[EventType "blitz"]

1. e4 e5 2. Nf3 Nc6 3. g3 Nf6 4. d3 Bc5 5. Bg2 d6 6. c3 a5 7. O-O Ba7 8. Be3 O-O
9. Bxa7 Rxa7 10. Re1 Re8 11. Nbd2 d5 12. exd5 Nxd5 13. Nc4 f6 14. d4 e4 15. Nfd2
f5 16. Nf1 Nf6 17. f3 Be6 18. Nfe3 Bf7 19. fxe4 fxe4 20. Qa4 Qd7 21. Rad1 Bh5
22. Rd2 Bf3 23. d5 Nb8 24. Qb3 b5 25. Na3 Rb7 26. Bf1 b4 27. Nac4 a4 28. Qc2 b3
29. axb3 axb3 30. Qb1 Kh8 31. d6 Qe6 32. Bg2 h5 33. Bxf3 exf3 34. Qd1 Ne4 35. d7
f2+ 36. Rxf2 Nxd7 37. Qxh5+ Kg8 38. Nf5 Ndf6 39. Qg6 Qf7 40. Nh6+ Kh8 41. Nxf7+
Kg8 42. Nh6+ Kh8 43. Nf5 Rg8 44. Rxe4 Rd8 45. Qxg7# 1-0

[Event "Chess24 Banter Blitz Cup"]
[Site "chess24.com INT"]
[Date "2019.11.09"]
[Round "1.6"]
[White "Bachmann, Axel"]
[Black "Christiansen, Johan-Sebastian"]
[Result "0-1"]
[WhiteTitle "GM"]
[BlackTitle "GM"]
[WhiteElo "2629"]
[BlackElo "2558"]
[WhiteFideId "3700488"]
[BlackFideId "1512668"]
[EventDate "2019.09.25"]
[EventType "blitz"]

1. c4 f5 2. Nc3 Nf6 3. d4 d6 4. Nf3 g6 5. g3 Bg7 6. Bg2 O-O 7. O-O Nc6 8. d5 Ne5
9. Nxe5 dxe5 10. c5 h6 11. Qb3 Kh7 12. Rd1 a6 13. Qa3 e4 14. Bf4 Nh5 15. Be3 f4
16. Bd4 e3 17. fxe3 fxg3 18. Bxg7 gxh2+ 19. Kxh2 Nxg7 20. Qb4 e5 21. Rf1 Bf5 22.
e4 Qh4+ 23. Kg1 Bh3 24. Bxh3 Qxh3 25. d6 Qg4+ 26. Kh2 Rf4 27. Rxf4 Qxf4+ 28. Kg2
Rf8 0-1

[Event "Chess24 Banter Blitz Cup"]
[Site "chess24.com INT"]
[Date "2019.11.09"]
[Round "1.8"]
[White "Bachmann, Axel"]
[Black "Christiansen, Johan-Sebastian"]
[Result "1-0"]
[WhiteTitle "GM"]
[BlackTitle "GM"]
[WhiteElo "2629"]
[BlackElo "2558"]
[WhiteFideId "3700488"]
[BlackFideId "1512668"]
[EventDate "2019.09.25"]
[EventType "blitz"]

1. c4 f5 2. Nc3 Nf6 3. g3 d6 4. Bg2 g6 5. d3 Bg7 6. e4 e5 7. Nge2 O-O 8. O-O Nc6
9. Nd5 f4 10. gxf4 Nh5 11. fxe5 dxe5 12. f4 Bg4 13. Qe1 Qd7 14. f5 gxf5 15. exf5
Bxf5 16. Qh4 Bg6 17. Be3 Rae8 18. Rxf8+ Rxf8 19. Re1 Kh8 20. Kh1 Nd8 21. Ne7
Qxd3 22. Nxg6+ hxg6 23. Ng3 Kg8 24. Bd5+ Nf7 25. Nxh5 gxh5 26. Qxh5 c6 27. Be6
Qd6 28. Qg6 Kh8 29. Rg1 Ng5 30. Rxg5 Qd1+ 31. Rg1 Qf3+ 32. Rg2 Qf1+ 33. Bg1 Qf6
34. Qh5+ Qh6 35. Qg4 Qf6 36. Bf5 Qh6 37. Qg3 e4 38. Bxe4 Re8 39. Qd3 Rf8 40. Qf3
Qf6 41. Qg3 Qh6 42. Qxg7+ Qxg7 43. Rg3 Qf6 44. Bd4 Qxd4 45. Rh3+ 1-0